Les plus grandes villes de France métropolitaine par superficie - Statistiques

Statistiques générales
  • Ce quiz a été pris 203 fois
  • Le résultat moyen est 2 sur 20
Statistiques - réponses
Rang Département Superficie (km²) Ville % Correct
#9 Bouches-du-Rhône 240,62 Marseille
85%
#1 Bouches-du-Rhône 758,93 Arles
62%
#3 Bouches-du-Rhône 374,61 Saintes-Marie-de-la-Mer
13%
#2 Savoie 408,05 Val-Cenis
12%
#10 Maine-et-Loire 230,45 Beaupréau-en-Mauges
9%
#4 Maine-et-Loire 323,98 Chemillé-en-Anjou
8%
#14 Bouches-du-Rhône 214,87 Saint-Martin-de-Crau
8%
#8 Maine-et-Loire 241,54 Segré-en-Anjou Bleu
8%
#16 Maine-et-Loire 213,07 Sèvremoine
8%
#7 Pyrénées-Atlantiques 248,96 Laruns
7%
#20 Corse-du-Sud 200,40 Sartène
6%
#15 Gironde 214,02 Lacanau
5%
#6 Maine-et-Loire 268,16 Baugé-en-Anjou
4%
#5 Maine-et-Loire 299,45 Noyant-Village
3%
#12 Hautes-Pyrénées 227,11 Gavarnie-Gèdre
2%
#19 Maine-et-Loire 202,16 Ombrée d'Anjou
2%
#18 Alpes-de-Haute-Provence 205,55 Saint-Paul-sur-Ubaye
2%
#11 Yonne 230,40 Charny Orée de Puisaye
1%
#13 Savoie 226,84 Les Belleville
1%
#17 Aveyron 208,72 Sévérac d'Aveyron
1%
Aucun quiz correspondant
Distribution des résultats
% des personnes avec chaque résultat
Percentile par nombre de réponses
Votre historique - résultats
Vous n’avez pas pris ce quiz